2014 Ebola Outbreak Countries - Statistics

General Stats
  • This quiz has been taken 13,159 times
  • The average score is 4 of 5
Answer Stats
Cases Deaths Country % Correct
20 8 Nigeria
84%
10,675 4,809 Liberia
78%
14,124 3,956 Sierra Leone
78%
3,811 2,543 Guinea
72%
66 49 D. R. Congo
64%
No matching quizzes found
Score Distribution
Percent of People with Each Score
Percentile by Number Answered
Your Score History
You have not taken this quiz